|
|
|
|
| LEADER |
00000nam a2200000 a 4500 |
| 001 |
vtls001465191 |
| 003 |
SK-MaSNL |
| 005 |
20260301073442.0 |
| 008 |
240226s1874 xo lat |
| 035 |
|
|
|a SNK000420496
|
| 035 |
|
|
|a 62C6FCE1-2518-4EBA-922C-34BA599103B9
|
| 035 |
|
|
|a urn:nbn:sk:snk-am00ibuk
|
| 040 |
|
|
|a SNKHFA
|b slo
|c SNKHFA
|e AACR2
|
| 041 |
0 |
|
|a lat
|
| 044 |
|
|
|a xo
|c SK
|
| 072 |
|
7 |
|a 808
|x Literárny štýl. Literárna činnosť a technika. Efektívne využívanie jazyka. Spisovateľská činnosť
|2 konspekt
|
| 080 |
|
|
|a 808.5-051
|2 2011
|
| 130 |
0 |
|
|a Carmen
|9 284002
|
| 245 |
1 |
0 |
|a Carmen Sapphicum, Honoribus Illustrissimi, Ac Reverendissimi Domini Domini Georgii Császka, Dei Et Apostolicae Sedis Gratia Episcopi Scepusiensis, Dum In Suam Cathedralem Ecclesiam Die 2.Mensis Junii Anno MDCCCLXXIV. Solenniter Fuit Introductus, A Clero Dioecesano Dicatum.
|
| 260 |
|
|
|a Leutschoviae
|b Typis Joannis Werthmüller Et Filii
|c 1874
|
| 300 |
|
|
|a [10] s.
|c 22 cm
|
| 600 |
1 |
4 |
|a Čáska, Juraj
|c cirkevný hodnostár
|d 1826-1904
|9 394525
|
| 655 |
|
7 |
|a príležitostná poézia
|2 SNKPH
|9 86742
|
| 710 |
2 |
|
|a Werthmüller, Ján a syn
|4 prt
|9 213406
|
| 752 |
|
|
|a Slovensko
|d Levoča
|
| 852 |
|
|
|a Slovenská národná knižnica
|b Historické fondy
|
| 852 |
|
|
|a snk
|p SC 927/1
|
| 958 |
|
|
|a DF
|
| 958 |
|
|
|a ONDV
|
| 999 |
|
|
|c 644292
|d 646222
|
| 952 |
|
|
|a SNK
|b SNK
|y PREZ
|7 0
|p 17A0407679
|o snkSC 927/1 D1
|i snkD 894/77
|8 1
|0 0
|1 0
|4 0
|d 2003-12-11
|l 0
|r 2005-01-02 00:00:00
|w 2026-02-23
|
| 952 |
|
|
|a SNK
|b SNK
|y PREZ
|7 0
|p 17A0715381
|o snkSC 927/1
|i snk356/30
|0 0
|1 0
|4 0
|d 2011-11-14
|f 1
|l 0
|r 2025-06-04 00:00:00
|w 2026-02-23
|